000 00325nam a2200109Ia 4500
008 160531s9999 xx 000 0 und d
100 _aDodd, William.
245 _aTrain Your Brain: Build a Framework for Clear Thinking
245 _cby William Dodd
260 _c2012
856 _uhttp://www.smashwords.com/books/view/144640
999 _c295445
_d295445